[Event "2 IECC, Ohrid"]
[Site "Ohrid MKD"]
[Date "2001.06.04"]
[Round "4.79"]
[White "Rechlis, Gad"]
[Black "Zuger, Beat"]
[Result "1-0"]
[WhiteElo "2525"]
[BlackElo "2448"]
[EventDate "2001.06.01"]
[PlyCount "125"]

1.e4 e6 2.d4 d5 3.Nc3 Nf6 4.e5 Nfd7 5.f4 c5 6.Nf3 Nc6 7.Be3 cxd4 8.Nxd4 
Qb6 9.Qd2 Qxb2 10.Rb1 Qa3 11.Bb5 Nxd4 12.Bxd4 Bb4 13.O-O O-O 14.Rb3 Qa5 
15.Qe3 Nb6 16.Qg3 Nc4 17.f5 Rd8 18.Rf4 Bf8 19.f6 g6 20.Rh4 a6 21.Qh3 h5 
22.Rxh5 gxh5 23.Qxh5 axb5 24.Kf2 Qa3 25.Nxb5 Qxb3 26.axb3 Na3 27.Nd6 Rxd6 
28.Bc5 Nb5 29.exd6 Bd7 30.Be3 Nxd6 31.Bh6 Bxh6 32.Qxh6 Ne8 33.Ke3 Ra6 34.
Qg5+ Kh7 35.Qh5+ Kg8 36.Qe5 Rd6 37.Kd4 Rc6 38.Kd3 d4 39.h4 Rd6 40.Qg5+ Kh7
41.Qh5+ Kg8 42.Qc5 Rd5 43.Qe7 Bb5+ 44.Kd2 Rf5 45.g4 Rf2+ 46.Kc1 Nxf6 47.
Qxb7 Rf1+ 48.Kb2 Nd5 49.Qa7 Rd1 50.g5 Be2 51.Qb8+ Kh7 52.Qf8 Rf1 53.h5 Rf5
54.h6 Rxg5 55.Qxf7+ Kh8 56.Qe8+ Kh7 57.Qd7+ Kh8 58.Qxe6 d3 59.c4 Rg2 60.
Qe8+ Kh7 61.Qe4+ Kxh6 62.Qxg2 Nf4 63.Qg3 1-0

[Event "2 IECC, Ohrid"]
[Site "Ohrid MKD"]
[Date "2001.06.04"]
[Round "4.80"]
[White "Likavsky, Tomas"]
[Black "Malakhatko, Vadim"]
[Result "0-1"]
[WhiteElo "2425"]
[BlackElo "2524"]
[EventDate "2001.06.01"]
[PlyCount "190"]

1.d4 Nf6 2.c4 c5 3.Nf3 cxd4 4.Nxd4 Nc6 5.Nc3 e6 6.Ndb5 d6 7.Bf4 e5 8.Bg5 
a6 9.Na3 Be7 10.g3 O-O 11.Bg2 Qb6 12.Qb3 Qa7 13.O-O Be6 14.Be3 Qb8 15.Nd5 
Bd8 16.Rad1 Bxd5 17.Bxd5 Nxd5 18.Rxd5 Ne7 19.Rd3 Nf5 20.Rfd1 Nxe3 21.Rxe3 
Qc7 22.Red3 Be7 23.Rd5 Rac8 24.Qd3 Qc6 25.b3 Rfe8 26.Nc2 Bf8 27.Qe4 g6 28.
g4 Re6 29.Ne3 Be7 30.Qg2 Kh8 31.g5 h5 32.a4 Kg7 33.Nf1 Qb6 34.Nd2 Qb4 35.
Rd3 Rb8 36.Ra1 b5 37.cxb5 axb5 38.Qe4 bxa4 39.Rxa4 Qb5 40.h4 Rc8 41.Ra7 
Qc5 42.Rb7 Qc1+ 43.Kg2 Rc2 44.Nc4 Qf4 45.Qxf4 exf4 46.Rf3 Re4 47.Nb6 Rc5 
48.Rd3 Rb5 49.Kf3 Re6 50.Rb8 f6 51.gxf6+ Bxf6 52.Nd7 Rxb8 53.Nxb8 Bxh4 54.
Nc6 g5 55.Nd4 Re5 56.b4 Kf6 57.b5 g4+ 58.Kg2 Re7 59.b6 Rb7 60.Rb3 Ke5 61.
Nc6+ Kd5 62.Na5 Rb8 63.b7 Kc5 64.Rc3+ Kb6 65.Rc8 Rxb7 66.Nxb7 Kxb7 67.Rh8 
Bf6 68.Rxh5 Be5 69.Rg5 g3 70.f3 Kc6 71.e3 fxe3 72.Kf1 Kd7 73.Ke2 Bd4 74.
Rxg3 Ke6 75.Rg5 Bc5 76.f4 Kf6 77.Kf3 Ke6 78.Ke2 Kf6 79.Kd3 Ke6 80.Rh5 Kf6 
81.Ke2 Ke6 82.Kf3 Kf6 83.Rh8 Kg7 84.Re8 Kf7 85.Re4 Kf6 86.Re8 Kf7 87.Rh8 
Kg7 88.Re8 Kf7 89.Re4 Kf6 90.Kg4 d5 91.Re8 Kf7 92.Ra8 e2 93.Ra1 Bb4 94.Kf5
Ke7 95.Rb1 Kd6 0-1

[Event "2 IECC, Ohrid"]
[Site "Ohrid MKD"]
[Date "2001.06.04"]
[Round "4.82"]
[White "Mitkov, Marjan"]
[Black "Miladinovic, Igor"]
[Result "1/2-1/2"]
[WhiteElo "2424"]
[BlackElo "2519"]
[EventDate "2001.06.01"]
[PlyCount "166"]

1.c4 e5 2.Nc3 Nc6 3.g3 g6 4.Bg2 Bg7 5.e3 d6 6.Nge2 h5 7.h3 Nge7 8.d3 h4 9.
g4 f5 10.gxf5 Bxf5 11.Nd5 Qd7 12.e4 Be6 13.Bg5 Ng8 14.Qd2 Nd8 15.Qa5 b6 
16.Qa6 Nf7 17.Be3 Nf6 18.Qb7 Rc8 19.Qxa7 O-O 20.Qa3 Nh5 21.Bf3 Nf6 22.Rg1 
Nxd5 23.exd5 Bxh3 24.Be4 Bf5 25.Nc3 Nh6 26.Bxf5 Nxf5 27.Ne4 Nxe3 28.fxe3 
Qf5 29.Kd2 Bh6 30.Rae1 Ra8 31.Qb3 Kg7 32.a3 Qh5 33.Re2 Rf3 34.c5 h3 35.
cxd6 Bxe3+ 36.Rxe3 h2 37.Rh1 Qh6 38.Qc3 Qxe3+ 39.Kc2 Qe2+ 40.Kb1 cxd6 41.
Qc7+ Kh6 42.Qc1+ Rf4 43.Nxd6 Rf8 44.Ka2 Qg2 45.Ne4 Kg7 46.Qc7+ Kh6 47.Qc1 
g5 48.Qc6+ Kh5 49.d6 Rxe4 50.Qxe4 Qxe4 51.dxe4 Rd8 52.Rxh2+ Kg4 53.Rh6 Kf3
54.Kb3 Kxe4 55.Kc4 g4 56.Rh4 Rc8+ 57.Kb5 Kf3 58.d7 Rg8 59.Rh7 g3 60.Rf7+ 
Ke2 61.Re7 g2 62.Rxe5+ Kf2 63.Re8 Rg5+ 64.Kc6 Rg6+ 65.Kc7 Rg7 66.Rf8+ Ke2 
67.Re8+ Kf1 68.Rf8+ Ke1 69.Re8+ Kf1 70.Rf8+ Ke1 71.Re8+ Kd1 72.Kc6 Rxd7 
73.Rg8 Rd2 74.b4 Kc2 75.Kxb6 Kb3 76.b5 Kxa3 77.Ka7 Kb4 78.b6 Kc5 79.b7 
Ra2+ 80.Kb8 Kd6 81.Kc8 Rc2+ 82.Kd8 Rb2 83.Kc8 Rc2+ 1/2-1/2

[Event "2 IECC, Ohrid"]
[Site "Ohrid MKD"]
[Date "2001.06.04"]
[Round "4.83"]
[White "Sargissian, Gabriel"]
[Black "Colovic, Aleksandar"]
[Result "1-0"]
[WhiteElo "2517"]
[BlackElo "2413"]
[EventDate "2001.06.01"]
[PlyCount "67"]

1.c4 c5 2.Nc3 Nc6 3.Nf3 Nd4 4.e3 Nxf3+ 5.Qxf3 g6 6.b3 Bg7 7.Bb2 Nf6 8.g4 
h6 9.h4 h5 10.g5 Ng4 11.Bg2 O-O 12.Qe2 Ne5 13.O-O-O d6 14.Nd5 Bg4 15.f3 
Bf5 16.d4 cxd4 17.exd4 Nc6 18.Ne3 Bd7 19.f4 Rb8 20.Kb1 a5 21.Rhe1 Nb4 22.
f5 Qc8 23.fxg6 fxg6 24.Be4 Rf4 25.Bxg6 Rxh4 26.Qf2 Rh3 27.Nf5 Bxf5+ 28.
Bxf5 Qf8 29.Be6+ Kh8 30.Qxf8+ Rxf8 31.Bxh3 Rf3 32.Bc8 Nd3 33.Rxe7 Nxb2 34.
Kxb2 1-0

[Event "2 IECC, Ohrid"]
[Site "Ohrid MKD"]
[Date "2001.06.04"]
[Round "4.88"]
[White "Halkias, Stelios"]
[Black "Morrison, Chris"]
[Result "1-0"]
[WhiteElo "2494"]
[BlackElo "2176"]
[EventDate "2001.06.01"]
[PlyCount "61"]

1.d4 d6 2.Nf3 Nf6 3.c4 Nbd7 4.Nc3 e5 5.Bg5 Be7 6.e3 c6 7.Qc2 h6 8.Bh4 O-O 
9.O-O-O exd4 10.Nxd4 Re8 11.Nf5 Nc5 12.Nxe7+ Qxe7 13.Be2 a5 14.g4 Bd7 15.
Rd4 Rad8 16.Rg1 Bc8 17.Bf3 Ne6 18.Rdd1 Ng5 19.Bxg5 hxg5 20.h4 Qe5 21.hxg5 
Qxg5 22.Kb1 Be6 23.Be2 Qc5 24.g5 Bf5 25.Bd3 Bxd3 26.Qxd3 Nd7 27.g6 Ne5 28.
gxf7+ Kxf7 29.Qf5+ Kg8 30.Rxg7+ Kxg7 31.Rg1+ 1-0

[Event "2 IECC, Ohrid"]
[Site "Ohrid MKD"]
[Date "2001.06.04"]
[Round "4.90"]
[White "Stanojoski, Zvonko"]
[Black "Golod, Vitali"]
[Result "1/2-1/2"]
[WhiteElo "2435"]
[BlackElo "2593"]
[EventDate "2001.06.01"]
[PlyCount "85"]

1.e4 c5 2.Nf3 Nc6 3.d4 cxd4 4.Nxd4 Qb6 5.Nb3 Nf6 6.Nc3 e6 7.Bd3 a6 8.O-O 
Be7 9.Be3 Qc7 10.f4 O-O 11.e5 Ne8 12.Qh5 f5 13.Rad1 g6 14.Qe2 b5 15.a4 b4 
16.Nb1 d6 17.exd6 Nxd6 18.N1d2 e5 19.fxe5 Nf7 20.Nc4 Ncxe5 21.Bb6 Qb8 22.
Bf2 Bf6 23.Bg3 Ra7 24.Qf2 Re7 25.Nba5 Qc7 26.b3 Ng4 27.Bxc7 Nxf2 28.Rxf2 
Rxc7 29.Re2 Rc5 30.Rde1 Bd8 31.c3 Bxa5 32.Nxa5 Rxa5 33.cxb4 Rd5 34.Bc4 Rd6
35.Re7 f4 36.Rc7 Rf6 37.Ree7 Bg4 38.b5 axb5 39.axb5 Bf5 40.b6 Rxb6 41.
Bxf7+ Kg7 42.Bc4+ Kf6 43.Rxh7 1/2-1/2

[Event "2 IECC, Ohrid"]
[Site "Ohrid MKD"]
[Date "2001.06.04"]
[Round "4.91"]
[White "Mchedlishvili, Mikheil"]
[Black "Kruppa, Yuriy"]
[Result "1/2-1/2"]
[WhiteElo "2416"]
[BlackElo "2572"]
[EventDate "2001.06.01"]
[PlyCount "50"]

1.d4 d5 2.c4 e6 3.Nf3 Nf6 4.Nc3 Be7 5.e3 O-O 6.cxd5 exd5 7.Bd3 c6 8.O-O 
Bg4 9.Ne2 Nbd7 10.Ng3 Re8 11.b3 Bd6 12.Qc2 Rc8 13.Bb2 g6 14.Nd2 c5 15.dxc5
Bxc5 16.Qb1 Bb4 17.Nf3 Bxf3 18.gxf3 Bc3 19.Rc1 Qa5 20.Ne2 Bxb2 21.Qxb2 
Rxc1+ 22.Nxc1 Qb4 23.Be2 Qh4 24.Nd3 Nf8 25.Nf4 N8d7 1/2-1/2

[Event "2 IECC, Ohrid"]
[Site "Ohrid MKD"]
[Date "2001.06.04"]
[Round "4.93"]
[White "Stamenkov, Vanco"]
[Black "Moiseenko, Olexandr"]
[Result "0-1"]
[WhiteElo "2380"]
[BlackElo "2561"]
[EventDate "2001.06.01"]
[PlyCount "72"]

1.d4 Nf6 2.Nf3 c5 3.e3 g6 4.c4 Bg7 5.Nc3 O-O 6.Be2 cxd4 7.Nxd4 Nc6 8.O-O 
d6 9.b3 Bd7 10.Bb2 Qa5 11.a3 Rfc8 12.Rc1 Rab8 13.b4 Qd8 14.Qb3 a6 15.Rfd1 
Qe8 16.a4 h5 17.b5 axb5 18.axb5 Nxd4 19.exd4 Be6 20.Qb4 b6 21.Ra1 Rc7 22.
Ra6 Qc8 23.d5 Bf5 24.Rda1 Nd7 25.Na4 Qf8 26.Bxg7 Qxg7 27.Qb2 Ne5 28.Rc1 
Bc8 29.f4 Bxa6 30.bxa6 Nd7 31.Qxg7+ Kxg7 32.Nc3 Ra7 33.Na2 Rxa6 34.Nb4 Ra3
35.Nc6 Rba8 36.Nxe7 Re3 0-1

[Event "2 IECC, Ohrid"]
[Site "Ohrid MKD"]
[Date "2001.06.04"]
[Round "4.94"]
[White "Kristjansson, Stefan"]
[Black "Bezgodov, Alexei"]
[Result "1-0"]
[WhiteElo "2371"]
[BlackElo "2543"]
[EventDate "2001.06.01"]
[PlyCount "101"]

1.e4 e5 2.Nf3 Nc6 3.d4 exd4 4.Nxd4 Bc5 5.Nxc6 Qf6 6.Qd2 bxc6 7.Bd3 Ne7 8.
O-O O-O 9.Nc3 Bd4 10.Rb1 Ng6 11.Ne2 Bb6 12.b3 Re8 13.Bb2 Ne5 14.Ng3 d6 15.
Be2 Qh4 16.Kh1 Ng4 17.Bxg4 Qxg4 18.f3 Qg6 19.f4 f6 20.c4 a5 21.Bd4 Bxd4 
22.Qxd4 Ba6 23.Rf3 c5 24.Qd3 Bb7 25.Re1 a4 26.Rfe3 axb3 27.axb3 Ra2 28.Qf1
h5 29.Qf3 h4 30.Nf5 h3 31.Qxh3 Bxe4 32.Nh4 Qh5 33.f5 Re5 34.Qg3 Bb7 35.h3 
Rd2 36.Rxe5 dxe5 37.Rg1 Be4 38.Qe1 Rd4 39.Kh2 Qg5 40.Rf1 Bc6 41.Nf3 Bxf3 
42.Rxf3 e4 43.Rf2 e3 44.Rf3 Rd3 45.Qf1 Rxb3 46.Qd1 Rb2 47.Qd5+ Kh7 48.Rg3 
Qh6 49.Qe4 Rf2 50.Rg4 Kg8 51.Rh4 1-0

[Event "2 IECC, Ohrid"]
[Site "Ohrid MKD"]
[Date "2001.??.04"]
[Round "4.95"]
[White "Gunnarsson, Jon Viktor"]
[Black "Slobodjan, Roman"]
[Result "1-0"]
[WhiteElo "2366"]
[BlackElo "2529"]
[EventDate "2001.06.01"]
[PlyCount "45"]

1.e4 e5 2.Nf3 Nc6 3.Bc4 Nf6 4.d3 Bc5 5.O-O d6 6.c3 a6 7.Bb3 Ba7 8.Nbd2 Ne7
9.Re1 Ng6 10.Nf1 O-O 11.Ng3 Be6 12.Bc2 Re8 13.h3 d5 14.Ng5 Bc8 15.exd5 h6 
16.N5e4 Nxd5 17.Qf3 Be6 18.Bb3 Ndf4 19.Bxf4 exf4 20.Nh5 Bxb3 21.Nef6+ gxf6
22.Rxe8+ Qxe8 23.Nxf6+ 1-0

[Event "2 IECC, Ohrid"]
[Site "Ohrid MKD"]
[Date "2001.06.04"]
[Round "4.96"]
[White "Haznedaroglu, Kivanc"]
[Black "Konopka, Michal"]
[Result "1/2-1/2"]
[WhiteElo "2358"]
[BlackElo "2507"]
[EventDate "2001.06.01"]
[PlyCount "141"]

1.e4 d6 2.d4 Nf6 3.Nc3 g6 4.Be3 c6 5.f3 b5 6.Qd2 Nbd7 7.Bd3 Bb7 8.g4 a6 9.
a4 b4 10.Nce2 a5 11.h4 h6 12.Nh3 Bg7 13.g5 hxg5 14.hxg5 Nh5 15.f4 Qc7 16.
Nf2 c5 17.Bb5 cxd4 18.Bxd4 O-O-O 19.Bxg7 Nxg7 20.Rxh8 Rxh8 21.O-O-O Ne6 
22.Qe3 Qc5 23.Qg3 Nb6 24.Nd3 Qc7 25.f5 Nc5 26.Nxc5 Qxc5 27.Qf4 Kb8 28.Kb1 
Rc8 29.Rc1 Nc4 30.Bd7 Rc7 31.fxg6 fxg6 32.Be6 Bxe4 33.b3 Na3+ 34.Kb2 d5 
35.c3 Nc2 36.Rxc2 Bxc2 37.Kxc2 bxc3 38.Nd4 Kb7 39.Qe5 Kb6 40.Bxd5 Qd6 41.
Qxd6+ exd6 42.Ne6 Rc8 43.Bc4 Kc6 44.Nf4 Kc5 45.Kxc3 Rh8 46.Nxg6 Rh3+ 47.
Bd3 Rg3 48.Nf4 Rg4 49.Nh3 Rg3 50.Nf4 Rg4 51.Nh3 Rg3 52.Nf2 d5 53.g6 Rg2 
54.Ne4+ dxe4 55.Bxe4 Rg3+ 56.Bd3 Kd5 57.g7 Rxg7 58.b4 Rc7+ 59.Kb3 Kd4 60.
bxa5 Kxd3 61.Kb4 Kd4 62.Kb5 Kd5 63.Kb6 Rc4 64.a6 Rxa4 65.a7 Kd6 66.Kb7 
Rb4+ 67.Ka8 Rh4 68.Kb7 Rb4+ 69.Ka8 Rg4 70.Kb7 Rg7+ 71.Kb8 1/2-1/2

[Event "2 IECC, Ohrid"]
[Site "Ohrid MKD"]
[Date "2001.06.04"]
[Round "4.100"]
[White "Kocovski, Ivan"]
[Black "Kiroski, Toni"]
[Result "1-0"]
[WhiteElo "2324"]
[BlackElo "2403"]
[EventDate "2001.06.01"]
[PlyCount "99"]

1.d4 f5 2.g3 g6 3.Bg2 Nf6 4.Nd2 Bg7 5.c3 c6 6.e4 fxe4 7.Nxe4 Nxe4 8.Bxe4 
d5 9.Bg2 e5 10.dxe5 Bxe5 11.Nf3 Bf6 12.O-O O-O 13.Bh6 Re8 14.Qd2 Bg4 15.
Rfe1 Nd7 16.Rxe8+ Qxe8 17.Re1 Qb8 18.Ng5 Nb6 19.h3 Bd7 20.Qd1 Qd8 21.h4 
Bg7 22.Bxg7 Kxg7 23.Qf3 Qf8 24.Qxf8+ Kxf8 25.Nxh7+ Kf7 26.Ng5+ Kf6 27.Bh3 
Bxh3 28.Nxh3 Rd8 29.Nf4 Rd6 30.Kg2 c5 31.Nd3 Nd7 32.f4 c4 33.Ne5 Nc5 34.
Kf3 Rb6 35.Re2 Kg7 36.Rd2 Na4 37.Rxd5 Nxb2 38.Rd7+ Kg8 39.Kg4 a5 40.Rc7 a4
41.Nxc4 Rb5 42.Nxb2 Rxb2 43.Kg5 Kf8 44.g4 a3 45.Kxg6 Ke8 46.h5 Kd8 47.Rg7 
Kc8 48.h6 Rxa2 49.h7 Rh2 50.Rg8+ 1-0

[Event "2 IECC, Ohrid"]
[Site "Ohrid MKD"]
[Date "2001.06.05"]
[Round "5.2"]
[White "Hulak, Krunoslav"]
[Black "Tymoshenko, Heorhiy"]
[Result "0-1"]
[WhiteElo "2564"]
[BlackElo "2537"]
[EventDate "2001.06.01"]
[PlyCount "92"]

1.c4 Nf6 2.g3 e6 3.Bg2 d5 4.Nf3 dxc4 5.Qc2 a6 6.Ne5 Nbd7 7.Nxc4 c5 8.a4 
Be7 9.a5 Nd5 10.Nc3 N7f6 11.Na4 Bd7 12.Nab6 Rb8 13.Nxd7 Qxd7 14.O-O O-O 
15.d3 Nb4 16.Qb3 Nfd5 17.Rd1 Nc6 18.e3 Ndb4 19.Bf1 Rbd8 20.Bd2 Qc7 21.Bc3 
e5 22.Qa4 f5 23.Rac1 f4 24.Nxe5 Nxe5 25.Bxb4 fxe3 26.fxe3 Kh8 27.Be2 Nf3+ 
28.Kg2 b5 29.axb6 Qb7 30.e4 Nd4 31.Bg4 cxb4 32.Rc7 Qxb6 33.Rxe7 Qg6 34.Bf5
Nxf5 35.exf5 Qxf5 36.Qc2 Qd5+ 37.Re4 Rc8 38.Qe2 b3 39.Kh3 Rc2 40.Qg4 Rxb2 
41.Rf1 Rg8 42.Rf5 Qxd3 43.Re6 Ra2 44.Qg5 Qc2 45.Qf4 Qc8 46.Qg4 Qxe6 0-1

[Event "2 IECC, Ohrid"]
[Site "Ohrid MKD"]
[Date "2001.06.05"]
[Round "5.8"]
[White "Romanyshyn, Oleh"]
[Black "Alexandrov, Alexei"]
[Result "1/2-1/2"]
[WhiteElo "2559"]
[BlackElo "2610"]
[EventDate "2001.06.01"]
[PlyCount "45"]

1.c4 e6 2.g3 d5 3.Bg2 dxc4 4.Qa4+ Nd7 5.Qxc4 c5 6.Nf3 Rb8 7.a4 b6 8.O-O 
Bb7 9.Nc3 Ngf6 10.d3 Nd5 11.Bf4 Nxf4 12.Qxf4 Nf6 13.a5 Bd6 14.Qa4+ Kf8 15.
axb6 axb6 16.Nb5 g6 17.Ng5 Bxg2 18.Kxg2 Kg7 19.Qc4 Rb7 20.Ra6 Be7 21.Rfa1 
Qc8 22.Nf3 Rd8 23.Ra7 1/2-1/2

[Event "2 IECC, Ohrid"]
[Site "Ohrid MKD"]
[Date "2001.06.05"]
[Round "5.13"]
[White "Czebe, Attila"]
[Black "Sturua, Zurab"]
[Result "1/2-1/2"]
[WhiteElo "2502"]
[BlackElo "2600"]
[EventDate "2001.06.01"]
[PlyCount "114"]

1.e4 d6 2.d4 Nf6 3.Nc3 g6 4.Nf3 Bg7 5.Be2 O-O 6.O-O c6 7.a4 Nbd7 8.Be3 e5 
9.Nd2 Ng4 10.Bxg4 exd4 11.Bxd4 Bxd4 12.Nc4 Qf6 13.Ne2 Bxb2 14.Bxd7 Bxd7 
15.Rb1 Be5 16.f4 Qe6 17.Qd3 b5 18.Nxe5 dxe5 19.Rbd1 Rfd8 20.f5 Qe7 21.Qe3 
f6 22.fxg6 hxg6 23.axb5 cxb5 24.Nc3 Be6 25.Nxb5 Bc4 26.Rfe1 Rxd1 27.Rxd1 
Rd8 28.Ra1 Bxb5 29.Qb3+ Kg7 30.Qxb5 Rd7 31.h3 Qd6 32.Kh2 Rc7 33.Qb8 Qb6 
34.Qd8 Rf7 35.Qd3 Qc5 36.Rb1 Qd4 37.Qxd4 exd4 38.Rd1 Rc7 39.Rxd4 Rxc2 40.
Rd7+ Kf8 41.Rxa7 Rc4 42.e5 fxe5 43.Kg3 Rf4 44.Ra5 Rf5 45.Kh4 Rh5+ 46.Kg4 
Rf5 47.Ra7 Kg8 48.Kh4 Rh5+ 49.Kg3 Rf5 50.Kh2 Kf8 51.g4 Rf3 52.Kg2 Re3 53.
Rb7 Kg8 54.h4 Kf8 55.g5 Re4 56.Kg3 Re3+ 57.Kf2 Re4 1/2-1/2

[Event "2 IECC, Ohrid"]
[Site "Ohrid MKD"]
[Date "2001.06.05"]
[Round "5.15"]
[White "De Vreugt, Dennis"]
[Black "Fedorov, Alexei"]
[Result "1-0"]
[WhiteElo "2460"]
[BlackElo "2590"]
[EventDate "2001.06.01"]
[PlyCount "93"]

1.e4 c5 2.c3 d6 3.d4 Nf6 4.Bd3 Nc6 5.Nf3 e5 6.dxe5 dxe5 7.O-O Be7 8.Qe2 
O-O 9.Nbd2 Qc7 10.Re1 h6 11.Nf1 Be6 12.Ng3 Rfd8 13.Nh4 Bf8 14.Bc4 Bxc4 15.
Qxc4 g6 16.Be3 a6 17.Qe2 b5 18.h3 c4 19.Red1 Rxd1+ 20.Rxd1 Rd8 21.Nf3 
Rxd1+ 22.Qxd1 Na5 23.Qd2 h5 24.Bg5 Nd7 25.Bd8 Qxd8 26.Nxe5 Nb7 27.Qxd7 
Qxd7 28.Nxd7 Bh6 29.Ne2 Bd2 30.e5 Kg7 31.g3 g5 32.g4 hxg4 33.hxg4 a5 34.
Kg2 Nd8 35.Kf3 Ne6 36.Ke4 Nf4 37.Nxf4 gxf4 38.Kd4 f3 39.a4 bxa4 40.Nb6 Be1
41.Nxc4 Bxf2+ 42.Ke4 Bh4 43.Kxf3 Bd8 44.Ke4 Kg6 45.Nd6 f6 46.e6 Be7 47.Kd5
1-0

[Event "2 IECC, Ohrid"]
[Site "Ohrid MKD"]
[Date "2001.06.05"]
[Round "5.16"]
[White "Iordachescu, Viorel"]
[Black "Chernyshov, Konstantin"]
[Result "1-0"]
[WhiteElo "2589"]
[BlackElo "2536"]
[EventDate "2001.06.01"]
[PlyCount "93"]

1.e4 b6 2.d4 Bb7 3.Bd3 e6 4.Nf3 Ne7 5.Bg5 h6 6.Bh4 d6 7.O-O Nd7 8.d5 e5 9.
c4 g5 10.Bg3 Ng6 11.Ne1 h5 12.f3 Bh6 13.Nc3 Nf6 14.Nc2 g4 15.fxg4 Nxg4 16.
Qf3 Bf4 17.h3 Qg5 18.Ne2 Be3+ 19.Nxe3 Nxe3 20.Qxf7+ Kd8 21.Qf6+ Qxf6 22.
Rxf6 Rg8 23.Kf2 Nxg2 24.Kxg2 h4 25.Be1 Nf4+ 26.Kh2 Nxd3 27.Bxh4 Nxb2 28.c5
bxc5 29.Rb1 Nc4 30.Rxb7 Kc8 31.Rb3 Nd2 32.Re3 Rb8 33.Be1 Rb2 34.Bxd2 Rxd2 
35.a3 c4 36.Rf2 Kd7 37.Ref3 Rb8 38.Rf7+ Kc8 39.Rf8+ Kb7 40.Rxb8+ Kxb8 41.
Kg3 Ra2 42.h4 Rxa3+ 43.Rf3 Ra1 44.h5 a5 45.Kg4 a4 46.h6 a3 47.Rxa3 1-0

[Event "2 IECC, Ohrid"]
[Site "Ohrid MKD"]
[Date "2001.06.05"]
[Round "5.32"]
[White "Burmakin, Vladimir"]
[Black "Lastin, Alexander"]
[Result "0-1"]
[WhiteElo "2522"]
[BlackElo "2627"]
[EventDate "2001.06.01"]
[PlyCount "120"]

1.d4 d5 2.c4 c6 3.Nf3 Nf6 4.e3 Bf5 5.Nc3 e6 6.Nh4 Be4 7.f3 Bg6 8.Qb3 Qb6 
9.Nxg6 hxg6 10.Bd2 Nbd7 11.O-O-O Be7 12.Be2 Qc7 13.cxd5 Nxd5 14.g3 Qb6 15.
e4 Qxb3 16.axb3 Nb4 17.h4 O-O-O 18.Be3 Bd6 19.f4 Bc7 20.Rhe1 a6 21.Bf2 Bb6
22.e5 Bc7 23.Ne4 Nb6 24.Rh1 N6d5 25.Rh2 f6 26.Rdh1 Kd7 27.Nc5+ Ke7 28.Nxb7
Rb8 29.Nc5 Bb6 30.Ne4 f5 31.Nc3 Rbd8 32.Rd1 Nc7 33.Na4 Nbd5 34.Be1 Ba7 35.
Ba5 Rb8 36.Bc4 Rhc8 37.Kb1 Nb5 38.Rhd2 Kf7 39.Be2 Ne3 40.Rc1 Nxd4 41.Bxa6 
Re8 42.b4 Nd5 43.Rc4 Nb3 44.Rd1 c5 45.Nc3 Ne3 46.Bc7 Nxd1 47.Bxb8 Rxb8 48.
Nxd1 Nd2+ 49.Kc2 Nxc4 50.Bxc4 cxb4 51.b3 Bg1 52.Kd2 Bh2 53.Ke3 Bxg3 54.Nb2
Bxh4 55.Nd3 Be7 56.Kf3 Rb6 57.Ne1 g5 58.fxg5 Bxg5 59.Nc2 Bd2 60.Nd4 g6 0-1

[Event "2 IECC, Ohrid"]
[Site "Ohrid MKD"]
[Date "2001.06.05"]
[Round "5.33"]
[White "Volokytin, Andriy"]
[Black "Zviagintsev, Vadim"]
[Result "0-1"]
[WhiteElo "2493"]
[BlackElo "2627"]
[EventDate "2001.06.01"]
[PlyCount "96"]

1.e4 c5 2.Nf3 d6 3.d4 cxd4 4.Nxd4 Nf6 5.Nc3 Nc6 6.Be2 e6 7.O-O Be7 8.Be3 
O-O 9.f4 Bd7 10.Qe1 Nxd4 11.Bxd4 Bc6 12.Qg3 g6 13.Bd3 Nh5 14.Qe3 Nxf4 15.
Qxf4 e5 16.Bxe5 dxe5 17.Qxe5 Bd6 18.Qf6 Qxf6 19.Rxf6 Be5 20.Rff1 Rae8 21.
Rab1 Bd4+ 22.Kh1 Bxc3 23.bxc3 Re5 24.Rb4 Rfe8 25.Kg1 R8e7 26.Rf4 Ra5 27.
Bc4 Kg7 28.h4 f6 29.Bb3 Rae5 30.Bd5 Bxd5 31.exd5 Rxd5 32.Ra4 b6 33.Ra6 f5 
34.Rfa4 Rdd7 35.Kf2 Kh6 36.Kf3 Rc7 37.c4 Kh5 38.g3 h6 39.c5 Rxc5 40.Rxa7 
Rc3+ 41.Kf2 Rxc2+ 42.Kf3 Rc3+ 43.Kf2 Ree3 44.Rb7 Rf3+ 45.Ke2 Rxg3 46.Rxb6 
Rc2+ 47.Kf1 Rgg2 48.Raa6 Rh2 0-1

[Event "2 IECC, Ohrid"]
[Site "Ohrid MKD"]
[Date "2001.06.05"]
[Round "5.35"]
[White "Sutovsky, Emil"]
[Black "Volzhin, Alexander"]
[Result "1-0"]
[WhiteElo "2604"]
[BlackElo "2528"]
[EventDate "2001.06.01"]
[PlyCount "77"]

1.e4 e5 2.Nf3 Nf6 3.Nxe5 d6 4.Nf3 Nxe4 5.d4 d5 6.Bd3 Bd6 7.O-O O-O 8.c4 c6
9.Qc2 Na6 10.a3 f5 11.Nc3 Nc7 12.c5 Be7 13.Ne2 Bf6 14.Nd2 Ne6 15.Nb3 Bd7 
16.f3 Be8 17.Kh1 g6 18.Bh6 Ng7 19.fxe4 fxe4 20.Bxe4 dxe4 21.Nc3 Bf7 22.
Nxe4 Be7 23.Nc3 Bc4 24.Rxf8+ Qxf8 25.Na5 Qf7 26.Bxg7 Kxg7 27.Nxb7 Rf8 28.
h3 Qf6 29.Re1 Rf7 30.Ne4 Qh4 31.Qc3 Bd5 32.Nbd6 Bxd6 33.Nxd6 Rf2 34.Qe3 
Rxg2 35.Qe5+ Kh6 36.Nf7+ Bxf7 37.Kxg2 Bd5+ 38.Kg1 Qxh3 39.Qh2 1-0

[Event "2 IECC, Ohrid"]
[Site "Ohrid MKD"]
[Date "2001.06.05"]
[Round "5.36"]
[White "Jaracz, Pawel"]
[Black "Tiviakov, Sergei"]
[Result "1/2-1/2"]
[WhiteElo "2484"]
[BlackElo "2603"]
[EventDate "2001.06.01"]
[PlyCount "81"]

1.c4 e5 2.Nc3 Nf6 3.Nf3 Nc6 4.a3 d6 5.d3 g6 6.e3 Bg7 7.Be2 O-O 8.Qc2 Re8 
9.O-O Bf5 10.Nd2 a5 11.Rb1 Ne7 12.b4 axb4 13.axb4 c6 14.e4 Be6 15.Nf3 Nd7 
16.h3 d5 17.Ng5 Nf8 18.c5 h6 19.Nf3 g5 20.Na4 Nfg6 21.Nb6 Rb8 22.Re1 Qc7 
23.Bf1 Nc8 24.Na4 Na7 25.Nc3 d4 26.Na4 Nb5 27.Nb6 Bf6 28.Ra1 Kg7 29.Bd2 
Bd8 30.Nc4 f6 31.Kh2 h5 32.Ng1 Qe7 33.Ne2 Rh8 34.Ng3 Qd7 35.Be2 h4 36.Nf1 
Bc7 37.Kh1 Nf4 38.Bxf4 gxf4 39.Nh2 Qe7 40.Bg4 Bf7 41.Na3 1/2-1/2

[Event "2 IECC, Ohrid"]
[Site "Ohrid MKD"]
[Date "2001.06.05"]
[Round "5.40"]
[White "Kobalia, Mikhail"]
[Black "Galego, Luis"]
[Result "0-1"]
[WhiteElo "2590"]
[BlackElo "2429"]
[EventDate "2001.06.01"]
[PlyCount "66"]

1.e4 d5 2.exd5 Nf6 3.c4 e6 4.dxe6 Bxe6 5.Be2 Qe7 6.d3 Nc6 7.Nf3 O-O-O 8.
Na3 Qb4+ 9.Qd2 Bf5 10.Nc2 Qxd2+ 11.Bxd2 Bxd3 12.Bxd3 Rxd3 13.Ke2 Rd7 14.
Rhd1 Bd6 15.h3 Ne5 16.Ne3 Re8 17.b3 Ne4 18.Be1 Nxf3 19.Kxf3 f5 20.h4 g6 
21.Rd3 Rf7 22.b4 b6 23.Rd5 c6 24.Rd3 Bc7 25.Rad1 g5 26.g3 f4 27.gxf4 Rxf4+
28.Kg2 gxh4 29.f3 Rg8+ 30.Ng4 h5 31.Bxh4 Nf6 32.Bg3 Nxg4 33.Bxf4 Ne3+ 0-1

[Event "2 IECC, Ohrid"]
[Site "Ohrid MKD"]
[Date "2001.06.05"]
[Round "5.43"]
[White "Psakhis, Lev"]
[Black "Basagic, Zlatko"]
[Result "1-0"]
[WhiteElo "2575"]
[BlackElo "2345"]
[EventDate "2001.06.01"]
[PlyCount "63"]

1.c4 e5 2.Nc3 Nf6 3.Nf3 e4 4.Ng5 b5 5.d3 bxc4 6.dxe4 Bb7 7.e5 h6 8.Nxf7 
Kxf7 9.exf6 d5 10.e4 Bb4 11.fxg7 Re8 12.Qh5+ Kg8 13.Qxh6 Rxe4+ 14.Be2 Qh4 
15.Qxh4 Rxh4 16.O-O Nd7 17.Bg5 Rh7 18.Rad1 Rxg7 19.h4 c6 20.f4 Nc5 21.Bg4 
Bc8 22.Bf3 Rb8 23.f5 Nd3 24.Nxd5 cxd5 25.Bxd5+ Kh7 26.f6 Bc5+ 27.Kh2 Bb7 
28.Bxc4 Nxb2 29.fxg7 Nxc4 30.Rf5 Rc8 31.Rd7 Be4 32.Rd8 1-0

[Event "2 IECC, Ohrid"]
[Site "Ohrid MKD"]
[Date "2001.06.05"]
[Round "5.47"]
[White "Dautov, Rustem"]
[Black "Grabarczyk, Miroslaw"]
[Result "1-0"]
[WhiteElo "2631"]
[BlackElo "2506"]
[EventDate "2001.06.01"]
[PlyCount "67"]

1.d4 d5 2.c4 c6 3.Nf3 Nf6 4.e3 Bf5 5.Nc3 e6 6.Nh4 Bg4 7.Qb3 Qb6 8.h3 Bh5 
9.g4 Bg6 10.Nxg6 hxg6 11.g5 Nfd7 12.e4 dxe4 13.Be3 Qxb3 14.axb3 Bb4 15.Bg2
Rh4 16.Ke2 Bxc3 17.bxc3 Na6 18.f3 exf3+ 19.Kxf3 Nc7 20.Kg3 Rh5 21.Bf3 Rh8 
22.Bf4 Kd8 23.Rhe1 a6 24.Rad1 Rc8 25.Kg2 Re8 26.h4 Ke7 27.d5 cxd5 28.cxd5 
Kd8 29.d6 Nd5 30.Bd2 Nxc3 31.Rc1 Nb5 32.Bxb7 Rxc1 33.Ba5+ Nb6 34.Rxc1 1-0

[Event "2 IECC, Ohrid"]
[Site "Ohrid MKD"]
[Date "2001.06.05"]
[Round "5.50"]
[White "Malakhatko, Vadim"]
[Black "Georgiev, Vladimir"]
[Result "1/2-1/2"]
[WhiteElo "2524"]
[BlackElo "2592"]
[EventDate "2001.06.01"]
[PlyCount "149"]

1.d4 d6 2.Nf3 Nf6 3.c4 g6 4.Nc3 Bf5 5.d5 c5 6.Nd2 g5 7.e4 Bg6 8.e5 dxe5 9.
Nf3 Nbd7 10.Nxg5 Qb6 11.Bd3 Rg8 12.Bxg6 Rxg6 13.O-O h6 14.Nge4 Nxe4 15.
Nxe4 Bg7 16.Qf3 Kf8 17.Be3 Kg8 18.Rab1 a5 19.b3 e6 20.dxe6 Qxe6 21.Ng3 Rf8
22.Qf5 b6 23.a3 e4 24.Qxe4 Qxe4 25.Nxe4 f5 26.Rbd1 Ne5 27.Nc3 f4 28.Nd5 
fxe3 29.Ne7+ Kh7 30.Nxg6 Nxg6 31.fxe3 Re8 32.Rd7 Ne5 33.Rb7 Re6 34.Rf4 Kg6
35.a4 h5 36.Rf1 Bh6 37.e4 Ng4 38.g3 Be3+ 39.Kh1 Bd4 40.h3 Nf6 41.e5 Ne4 
42.Kg2 Nd2 43.Rf6+ Rxf6 44.exf6 Nxb3 45.f7 Kg7 46.g4 hxg4 47.hxg4 Nd2 48.
g5 Nxc4 49.g6 Ne5 50.Rxb6 c4 51.Rf6 Bc5 52.Rf5 Nd3 53.Kf3 Bf8 54.Ke3 Kxg6 
55.Rxa5 Nc5 56.Ra8 Kxf7 57.Kd4 Nd7 58.Ra6 Ke7 59.Kxc4 Kd8 60.Kb5 Kc7 61.a5
Bc5 62.Rc6+ Kd8 63.a6 Bf2 64.Rc2 Bg1 65.Rg2 Be3 66.Rg3 Bf2 67.Rf3 Ba7 68.
Rh3 Kc7 69.Rc3+ Nc5 70.Rc2 Kd6 71.Rg2 Kc7 72.Rg6 Nd7 73.Rc6+ Kb8 74.Rc1 
Ka8 75.Rc8+ 1/2-1/2

[Event "2 IECC, Ohrid"]
[Site "Ohrid MKD"]
[Date "2001.06.05"]
[Round "5.51"]
[White "Chatalbashev, Boris"]
[Black "Degraeve, Jean-Marc"]
[Result "1-0"]
[WhiteElo "2518"]
[BlackElo "2589"]
[EventDate "2001.06.01"]
[PlyCount "57"]

1.d4 Nf6 2.Nf3 c5 3.d5 b5 4.Bg5 Ne4 5.Bf4 Bb7 6.a4 Nf6 7.e4 Nxe4 8.axb5 e6
9.Bc4 Bd6 10.Nbd2 Nxf2 11.Kxf2 Bxf4 12.Nb3 Bc7 13.Qd3 O-O 14.Rhe1 Bb6 15.
Kf1 a6 16.bxa6 Bxd5 17.Bxd5 exd5 18.Qxd5 Rxa6 19.Nxc5 Rxa1 20.Rxa1 Qc7 21.
Nd3 Qxc2 22.Rc1 Qa4 23.b4 d6 24.Qxd6 Qb5 25.Ne5 g6 26.Rc4 Kg7 27.Rf4 Kg8 
28.Ng4 Nd7 29.Qxd7 1-0